Т. 16. Вып. 4 (60) : Декабрь 1979; Реакционная способность органических соединений

Dades bibliogràfiques
Parent link:Реакционная способность органических соединений=Organic Reactivity: [сборник]/ Тартуский государственный университет. Т. 16. Вып. 4 (60) : Декабрь 1979.— , 1964-
Altres autors: Пальм В. (редактор)
Sumari:На англ яз.
Idioma:anglès
Publicat: 1980
Matèries:
Format: MixedMaterials Llibre
KOHA link:https://koha.lib.tpu.ru/cgi-bin/koha/opac-detail.pl?biblionumber=329874

MARC

LEADER 00000nam2a2200000 4500
001 329874
005 20231102004215.0
035 |a (RuTPU)RU\TPU\book\355642 
035 |a RU\TPU\book\355641 
090 |a 329874 
100 |a 20170323d1980 k y0rusy50 ca 
101 0 |a eng 
102 |a EE 
105 |a a z 001zy 
200 0 |a Т. 16. Вып. 4 (60) : Декабрь 1979  |f отв. ред. В. Пальм 
210 |d 1980 
215 |a 419-569 с.  |c ил. 
300 |a На англ яз. 
320 |a Библиогр. в конце ст. 
461 1 |0 (RuTPU)RU\TPU\book\110507  |t Реакционная способность органических соединений  |l Organic Reactivity  |o [сборник]  |f Тартуский государственный университет  |v Т. 16. Вып. 4 (60) : Декабрь 1979  |d 1964-  
606 1 |a Органические соединения  |x Реакционная способность  |2 stltpush  |3 (RuTPU)RU\TPU\subj\75591  |9 87299 
610 1 |a исследования 
610 1 |a молекулы 
610 1 |a протоны 
610 1 |a изомерия 
610 1 |a кинетика 
675 |a 547:544.42  |v 3 
702 1 |a Пальм  |b В.  |4 340 
801 1 |a RU  |b 63413507  |c 20141106 
801 2 |a RU  |b 63413507  |c 20170425  |g RCR 
942 |c BK